000 00841nam a22002055i 4500
001 160507
003 ES-MaACL
005 20250905160827.0
008 040929s1882 sp a |||| | spa d
040 _aCAM
_bspa
_cCAM
100 1 _aNavarrete, José.
_985037
245 1 4 _aLas llaves del Estrecho
_b: estudio sobre la reconquista de Gibraltar /
_cpor José Navarrete ; precedido de una carta-prólogo del Teniente general José López Domínguez ; edición costeada por el Marqués de Campo.
260 _aMadrid :
_b[s.n.],
_c1882 (
_fImprenta de Manuel G. Hernández)
300 _aXXXII, 136 p., [3] h. pleg. de mapa ;
_c19 cm.
651 4 _aGibraltar.
_9137192
700 1 _aLópez Domínguez, José,
_d1829-1911
_973611
852 _aES-MaACL
_jArmario 18
_z Enc. hol.
_dOlim: G-10516
942 _2udc
999 _c160507
_d160507